Decision sciences journal of innovative education (Record no. 38155)

MARC details
000 -LEADER
fixed length control field 00453nam a2200157Ia 4500
022 ## - INTERNATIONAL STANDARD SERIAL NUMBER
ISSN 00117315
050 ## - CALL MARK
Classification number HD 30.23 .D423/
245 #0 - TITLE STATEMENT
Title Decision sciences journal of innovative education
260 ## - PUBLICATION, DISTRIBUTION, ETC. (IMPRINT)
Name of publisher Wiley Periodicals, inc.
260 ## - PUBLICATION, DISTRIBUTION, ETC. (IMPRINT)
Year of publication 2010
300 ## - PHYSICAL DESCRIPTION
Number of Pages 493 p. ; 26 cm.
650 ## - SUBJECT ADDED ENTRY--TOPICAL TERM
Topical Term Business education--Periodicals. Decision making--Periodicals.
942 ## - ADDED ENTRY ELEMENTS (KOHA)
Koha item type Serials

No items available.